000 00866nam a22003017a 4500
001 099
003 DO-SdBNP
005 20180201153543.0
007 099
008 151005b1984 sp 00| 0 spa d
020 _a8471766639
040 _aBPMSU
_bspa
_cBPMSU
092 _aXXXX
_bXXXX
100 1 _aGasperini, Jim
240 1 0 _aSail with pirates /
_leng
245 1 3 _aLa ruta de los piratas /
_cJim Gasperini ; ilustraciones John Pierard, Alex Nino ; traducción Carles Alier i Aizalá
260 _aBarcelona :
_bTimun mas,
_c1984.
300 _a126 p. :
_bil.
_c18 cm.
490 1 _aLa maquina del tiempo
_v4
700 1 2 _aAlier i Aixalá, Carles
_etrad.
700 1 2 _aPierard, Jonh
_eil.
700 1 2 _aNino, Alex
_eil.
830 0 _aLa maquina del tiempo
_n4
910 _a202
942 _2ddc
_cBK
945 _aInventariado, 2018 / BT
956 _aYngrid Lockward
999 _c8573
_d8573